000 00768nam a2200265Ia 4500
003 OSt
005 20220928112521.0
006 a|||||r|||| 00| 0
007 ta
008 220927b |||||||| |||| 00| 0 eng d
020 _c7021.1499999999996
024 _a124437
037 _b2641, 02/09/2014, Vibha Book International
_cTextual
040 _aSDCL
_cSDCL
_beng
041 _2eng
_aeng
082 _aB334, Q4
100 _aO'Neil Peter V.
_9428465
245 0 _aBeginning partial differential equations
250 _a3rd
260 _aHoboken
_bWiley
_c2014
300 _aix;438p.
_ccm.
650 _aMathematics
942 _hB334, Q4
_cTEXL
_2CC
999 _c745047
_d745047